5HLuxD.jpg

KING HENRY VIII SENIOR AND PRIMARY SCHOOL LIBRARY OPAC

Alfie and the big boys / (Record no. 1804)

000 -LEADER
fixed length control field 00896nam a2200289 a 4500
001 - CONTROL NUMBER
control field 017202291
003 - CONTROL NUMBER IDENTIFIER
control field UkOxU
005 - DATE AND TIME OF LATEST TRANSACTION
control field 20230131090745.0
008 - FIXED-LENGTH DATA ELEMENTS--GENERAL INFORMATION
fixed length control field 081114r20092007enka j 000 1 eng
015 ## - NATIONAL BIBLIOGRAPHY NUMBER
National bibliography number GBA8D3501
Source bnb
020 ## - INTERNATIONAL STANDARD BOOK NUMBER
International Standard Book Number 9780099488446 (pbk.) :
035 ## - SYSTEM CONTROL NUMBER
System control number (IeDuTC)b15293175
035 ## - SYSTEM CONTROL NUMBER
System control number (UkLCURL)08b15293175
038 ## - RECORD CONTENT LICENSOR
Record content licensor Uk
040 ## - CATALOGING SOURCE
Original cataloging agency StDuBDS
Language of cataloging eng
Transcribing agency StDuBDS
Modifying agency KH8
049 ## - LOCAL HOLDINGS (OCLC)
Local processing data b
082 04 - DEWEY DECIMAL CLASSIFICATION NUMBER
Classification number 823.914 HUG
Edition number 22
100 1# - MAIN ENTRY--PERSONAL NAME
Personal name Hughes, Shirley,
Dates associated with a name 1927-
Relator term author
245 10 - TITLE STATEMENT
Title Alfie and the big boys /
Statement of responsibility, etc. Shirley Hughes.
260 ## - PUBLICATION, DISTRIBUTION, ETC.
Place of publication, distribution, etc. London :
Name of publisher, distributor, etc. Red Fox,
Date of publication, distribution, etc. 2009.
263 ## - PROJECTED PUBLICATION DATE
Projected publication date 200903
300 ## - PHYSICAL DESCRIPTION
Extent 1 v. :
Other physical details chiefly col. ill. ;
Dimensions 25 cm.
500 ## - GENERAL NOTE
General note Originally published: London: Bodley Head, 2007.
600 00 - SUBJECT ADDED ENTRY--PERSONAL NAME
Personal name Alfie
Titles and other words associated with a name (Fictitious character from Hughes)
Form subdivision Pictorial works
-- Juvenile fiction.
655 #7 - INDEX TERM--GENRE/FORM
Genre/form data or focus term Children's stories
Form subdivision Pictorial works.
Source of term gsafd
942 ## - ADDED ENTRY ELEMENTS (KOHA)
Source of classification or shelving scheme
Koha item type Books - Non Ficton
Holdings
Withdrawn status Lost status Source of classification or shelving scheme Damaged status Not for loan Collection code Permanent Location Current Location Shelving location Date acquired Total Checkouts Full call number Barcode Date last seen Date last checked out Price effective from Koha item type
          Non-Fiction KH8 Primary School Library KH8 Primary School Library Non Fiction 2023-01-31 6 823.914 HUG KHPL000003558 2025-12-05 2025-06-06 2023-01-31 Books - Non Ficton

Powered By KH8 IT Dept